| Tag |
First Indicator |
Second Indicator |
Subfields |
| LEADER |
00000pam a2200000 a 4500 |
| 001 |
in00000082339 |
| 005 |
20151008061135.0 |
| 008 |
810812r1982 nyu 00000 eng |
| 010 |
|
|
|a 81013836
|
| 020 |
|
|
|a 068800797X :
|c $16.50
|
| 020 |
|
|
|a 068800606X (pbk.) :
|c $9.50
|
| 035 |
|
|
|a (OCoLC)07923127
|
| 035 |
|
|
|9 AAJ7391AM
|
| 040 |
|
|
|a DLC
|c DLC
|d TXA
|d UtOrBLW
|
| 049 |
|
|
|a TXAM
|c [388196]
|
| 050 |
0 |
0 |
|a PN6071.H724
|b C3 1982
|
| 082 |
0 |
|
|a 808.8/0353
|2 19
|
| 245 |
0 |
0 |
|a Calamus :
|b male homosexuality in twentieth-century literature : an international anthology /
|c edited by David Galloway and Christian Sabisch.
|
| 250 |
|
|
|a 1st U.S. ed.
|
| 264 |
|
1 |
|a New York :
|b Morrow,
|c 1982.
|
| 300 |
|
|
|a 501 pages ;
|c 25 cm.
|
| 336 |
|
|
|a text
|b txt
|2 rdacontent
|
| 337 |
|
|
|a unmediated
|b n
|2 rdamedia
|
| 338 |
|
|
|a volume
|b nc
|2 rdacarrier
|
| 650 |
|
0 |
|a Male homosexuality
|x Literary collections.
|
| 650 |
|
0 |
|a Literature, Modern
|y 20th century.
|
| 700 |
1 |
|
|a Galloway, David D.
|
| 700 |
1 |
|
|a Sabisch, Christian.
|
| 999 |
|
|
|a MARS
|
| 999 |
f |
f |
|s 7738badf-ce83-3d41-99a6-a989d443ca3d
|i 7c0edf25-f142-35cf-bda7-6d60f254757c
|t 0
|
| 952 |
f |
f |
|p ric
|a Texas A&M University
|b Rellis Campus
|c Joint Library Facility
|d Remote Storage
|t 0
|e PN6071.H724 C3 1982
|h Library of Congress classification
|i unmediated -- volume
|m A14806179618
|
| 998 |
f |
f |
|a PN6071.H724 C3 1982
|t 0
|l Remote Storage
|